logo

Bir Sreshtho Munshi Abdur Rouf Library
Jhenaidah Cadet College

It was snowing butterflies / (Record no. 14451)

MARC details
000 -LEADER
fixed length control field 00625nam a22002297a 4500
001 - CONTROL NUMBER
JCCL Control Number 14451
003 - CONTROL NUMBER IDENTIFIER
JCCL marc code BD-JhCC
005 - DATE AND TIME OF LATEST TRANSACTION
control field 20251120122811.0
008 - FIXED-LENGTH DATA ELEMENTS--GENERAL INFORMATION
fixed length control field 251120b |||||||| |||| 00| 0 eng d
020 ## - INTERNATIONAL STANDARD BOOK NUMBER
International Standard Book Number 9780141398556
035 ## - SYSTEM CONTROL NUMBER
system control number (BD-JhCC) 14451
040 ## - CATALOGING SOURCE
Original cataloging agency BD-JhCC
Modifying agency BD-JhCC
041 ## - LANGUAGE CODE
Language code of Book eng
082 ## - DEWEY DECIMAL CLASSIFICATION NUMBER
DDC Edition number 23
Classification number 918.04
Author mark and Year DAR
100 ## - MAIN ENTRY--PERSONAL NAME
Personal name Darwin,Charles
245 ## - TITLE STATEMENT
Title It was snowing butterflies /
Statement of responsibility, etc Charles Darwin
260 ## - PUBLICATION, DISTRIBUTION, ETC. (IMPRINT)
Place of publication, distribution, etc London:
Name of publisher, distributor, etc Penguin Classics,
Date of publication, distribution, etc 2015
300 ## - PHYSICAL DESCRIPTION
Pagination 50p.;
Dimensions 17 cm.
490 ## - SERIES STATEMENT
Series statement Penguin Little black classics
Volume number/sequential designation N, 67
650 ## - SUBJECT ADDED ENTRY--TOPICAL TERM
Topical term or geographic name as entry element Scientific expeditions South America
942 ## - ADDED ENTRY ELEMENTS (KOHA)
Source of classification or shelving scheme Dewey Decimal Classification
Koha item type Books
Holdings
Source of classification or shelving scheme Damaged status Not for loan Collection code Home library Current library Shelving location Date of accession Total Checkouts Full call number Barcode Date last seen Copy number Method of acquisition Koha item type Currency
Dewey Decimal Classification     Non-fiction JCC Rouf Library JCC Rouf Library General Stacks     918.04 DAR 20170 11/20/2025 C-1 Purchase Books BDT

JCC Library | Contacts | JCC Home

Last Update on 23 September 2017
Copyright @ 2017-2020 JCC Rouf Library
Rouf Library, Jhenidah Cadet College (JCC), Bangladesh